000 00283nam a2200133Ia 4500
100 _aRich/Elaine
250 _a2
942 _cBK
654 _aartificial
245 _aArtificial intelligence
260 _bTata Mc Graw hill
_aNew Delhi
_c1997
300 _a620
546 _aENGLISH
999 _c27626
_d27626